000
00242nam a22000977a 4500
008
170125b xxu||||| |||| 00| 0 eng d
041
_a
eng
080
_a
61
245
_a
HANDBOOK OF PHYSICAL MEDICINE AND REHABILITATION
_c
KRUSEN
942
_2
udc
_c
BK
999
_c
3682
_d
3682